| 000 | 01036nas a2200277 4500 | ||
|---|---|---|---|
| 001 | BR8603023 | ||
| 003 | BR-BrBNA | ||
| 005 | 20231205090523.0 | ||
| 007 | ta | ||
| 008 | 230509b bl.|||p| |||| 00| 00por d | ||
| 040 |
_aBR-BrBNA _bpor _cBiblioteca Nacional de Agricultura |
||
| 041 | _a(Pt) | ||
| 072 | _aJ11 | ||
| 100 | 1 | _aLink, D. | |
| 100 | 1 | _aBuss Junior, P.J. | |
| 100 | 1 | _aTarvago, M.F.S. | |
| 100 | 1 | _aMarchezan, E. | |
| 245 | 1 |
_aNivel de infestacao do gorgulho do milho, Sitophilus zeamais Motschulsky, 1855 em sorgo granifero (Sorghum bicolor (L.)Moench) _bParte de projeto |
|
| 246 | 1 |
_aInfestation level of the maize weevil, Sitophilus zeamais Motschulsky, 1855 on grain sorghum (Sorghum bicolor)(L.)Moench) _bPart of project |
|
| 650 | _aSORGO GRANIFERO | ||
| 650 | _aGORGULHO DOS CEREAIS | ||
| 650 | _aINFESTACAO | ||
| 773 | 0 |
_tRevista do Centro de Ciencias Rurais (Brazil) _xISSN 0085-5901 _g(Oct-Dec 1985), v. 15(4) p. 313-317 _wBR8603023 |
|
| 909 |
_a202311 _bLúcia _c55 _dLúcia Elande |
||
| 942 |
_2AGRIS _n0 _cANA |
||
| 999 |
_c119007 _d119007 |
||